000 00250nam a2200097Ia 4500
005 20251222114343.0
008 251222s1900||||xx |||||||||||||| ||spa||
082 _aDVD0060/C523C/2003/Ej.2
245 0 _aCharlie: vida y arte de Charles Chaplin:
942 _cDVD
999 _c938
_d938